Statistics for minnesota twins retired numbers

Click here to take the quiz!

General Stats

  • This quiz has been taken 277 times
    (272 since last reset)
  • The average score is 6 of 8

Answer Stats

HintAnswer% Correct
OFkirby puckett
90%
OF-1B-3B#3harmon killebrew
89%
1B-2Brod carew
85%
1Bkent hrbek
73%
managertom kelly
72%
Pbert blyleven
69%
OF-coach#6tony oliva
66%
2Bjackie robinson
23%

Score Distribution

Percentile by Number Answered

Percent of People with Each Score

Your Score History

You have not taken this quiz since the last reset